Score 0/12 Timer 02:00
3 Plays Today
% Correct
Brazil
97.4%
Argentina
94.7%
Chile
93.6%
Peru
86.4%
Bolivia
85.4%
Colombia
84.9%
Paraguay
84.1%
Venezuela
83%
Ecuador
81.7%
Uruguay
81.1%
Suriname
79.9%
Guyana
77%
Remove Ads.
Support Sporcle.
Get the best of Sporcle when you Go Orange. This ad-free experience offers more features, more stats, and more fun while also helping to support Sporcle. Thank you for becoming a member.

You're not logged in!

Compare scores with friends on all Sporcle quizzes.
OR
Log In

Show Comments

Extras

Top Quizzes Today


Score Distribution

Your Account Isn't Verified!

In order to create a playlist on Sporcle, you need to verify the email address you used during registration. Go to your Sporcle Settings to finish the process.

Report this User

Report this user for behavior that violates our Community Guidelines.

Details: